[Event "50th World U20 ch"]
[Site "Chennai IND"]
[Date "2011.08.14"]
[Round "12.47"]
[White "Prince, Bajaj"]
[Black "Kathmale, Sameer"]
[Result "0-1"]
[WhiteElo "2146"]
[BlackElo "2211"]
[EventDate "2011.08.02"]
[PlyCount "82"]

1.e4 c6 2.d4 d5 3.e5 Bf5 4.Nf3 e6 5.Be2 Nd7 6.O-O Ne7 7.Nh4 Be4 8.Nd2 c5 
9.Nxe4 dxe4 10.g3 Qb6 11.dxc5 Qxc5 12.Be3 Qxe5 13.Bd4 Qc7 14.Bb5 Nc6 15.
Re1 O-O-O 16.Bc3 Nde5 17.Qe2 f5 18.Bxc6 Nxc6 19.Qc4 Nd4 20.Qxc7+ Kxc7 21.
Bxd4 Rxd4 22.Rad1 Bc5 23.c3 Rxd1 24.Rxd1 Rd8 25.Rxd8 Kxd8 26.Kf1 Ke7 27.
Ke2 g5 28.Ng2 e5 29.b4 Bb6 30.a4 f4 31.gxf4 exf4 32.f3 g4 33.Nxf4 gxf3+ 
34.Ke1 Kd6 35.c4 Bg1 36.h3 e3 37.c5+ Ke5 38.b5 Kxf4 39.c6 e2 40.c7 Ke3 41.
c8=Q f2# 0-1

[Event "50th World U20 ch"]
[Site "Chennai IND"]
[Date "2011.08.14"]
[Round "12.48"]
[White "Lokesh, P."]
[Black "Lokesh, N."]
[Result "1-0"]
[WhiteElo "2194"]
[BlackElo "2090"]
[EventDate "2011.08.02"]
[PlyCount "103"]

1.d4 d5 2.Nc3 g6 3.e4 dxe4 4.Nxe4 Bg7 5.Be3 Qd5 6.Nc3 Qa5 7.Nf3 Bf5 8.Bc4 
Nc6 9.O-O O-O-O 10.Qe2 Bg4 11.h3 Bxf3 12.Qxf3 Bxd4 13.Qxf7 Bxe3 14.Qe6+ 
Kb8 15.Qxe3 Nf6 16.Bb3 Qb4 17.Rfe1 Rhe8 18.Qg5 Nd4 19.Re5 Nd7 20.Re4 Nc5 
21.Rxe7 Nce6 22.Rxe8 Rxe8 23.Qe5 Nxb3 24.axb3 Qc5 25.Re1 Qxe5 26.Rxe5 Kc8 
27.Ne4 Ng7 28.Rxe8+ Nxe8 29.Kf1 Kd7 30.Ke2 b6 31.Ke3 h6 32.Nc3 Ke6 33.Nb5 
a6 34.Nd4+ Kd5 35.Nf3 Nd6 36.g4 c5 37.Nh4 g5 38.Ng6 Ke6 39.f4 Kf6 40.Ne5 
gxf4+ 41.Kxf4 Ke6 42.Nc4 Nc8 43.Ne3 Ne7 44.Nf5 Nd5+ 45.Ke4 Nf6+ 46.Kf3 Ng8
47.Kf4 b5 48.h4 a5 49.c4 bxc4 50.bxc4 a4 51.g5 hxg5+ 52.hxg5 1-0

[Event "50th World U20 ch"]
[Site "Chennai IND"]
[Date "2011.08.14"]
[Round "12.49"]
[White "Abhilash Reddy, M. L."]
[Black "Vasli, Aref"]
[Result "1-0"]
[WhiteElo "2109"]
[BlackElo "2181"]
[EventDate "2011.08.02"]
[PlyCount "83"]

1.e4 e5 2.Nf3 Nc6 3.Bc4 Bc5 4.c3 Nf6 5.d3 a6 6.Bb3 Ba7 7.h3 O-O 8.Nbd2 d5 
9.Qe2 dxe4 10.dxe4 Qe7 11.Nf1 Be6 12.Ng3 h6 13.Bc2 Ne8 14.O-O Nd6 15.b3 b5
16.Be3 Rfb8 17.Bxa7 Rxa7 18.Qe3 Nc8 19.Rad1 Nb6 20.Nf5 Qf8 21.Rd2 Raa8 22.
Rfd1 f6 23.N3h4 g5 24.Ng6 Qe8 25.Qc5 Kf7 26.Nf8 Bxf5 27.exf5 Qxf8 28.Qxc6 
Rc8 29.c4 Qe8 30.Be4 bxc4 31.bxc4 Rab8 32.c5 Qxc6 33.Bxc6 Na8 34.Rd7+ Kg8 
35.Kf1 Rf8 36.Ke2 Rb2+ 37.R1d2 Rb4 38.Rd8 Rb8 39.Rxf8+ Kxf8 40.Rd7 a5 41.
a4 Rb2+ 42.Kd3 1-0

[Event "50th World U20 ch"]
[Site "Chennai IND"]
[Date "2011.08.14"]
[Round "12.51"]
[White "Srinath, Narayanan"]
[Black "Santos, Hugo Lima"]
[Result "0-1"]
[WhiteElo "2371"]
[BlackElo "2078"]
[EventDate "2011.08.02"]
[PlyCount "74"]

1.e4 e6 2.d4 d5 3.Nd2 Nf6 4.e5 Nfd7 5.Bd3 c5 6.c3 Nc6 7.Ngf3 Be7 8.O-O g5 
9.dxc5 g4 10.Nd4 Ndxe5 11.Bb5 Bd7 12.N2b3 h5 13.Re1 Ng6 14.c4 a6 15.Bxc6 
Bxc6 16.Nxc6 bxc6 17.Nd4 Qd7 18.Qc2 e5 19.Nf5 e4 20.Nxe7 Nxe7 21.Bg5 f5 
22.Rad1 d4 23.Bf6 d3 24.Qc3 Rh7 25.Qe5 O-O-O 26.Bh4 Ng6 27.Qf6 Nxh4 28.
Qxh4 Qe7 29.Qg3 Qxc5 30.Qf4 a5 31.Qg5 Qe5 32.Qg6 Rc7 33.Qxh5 Qf6 34.h4 Rh8
35.Qg5 Qxg5 36.hxg5 Rch7 37.f4 g3 0-1

[Event "50th World U20 ch"]
[Site "Chennai IND"]
[Date "2011.08.14"]
[Round "12.52"]
[White "Soares, Erikson"]
[Black "Prasannaa, S."]
[Result "1-0"]
[WhiteElo "2181"]
[BlackElo "2032"]
[EventDate "2011.08.02"]
[PlyCount "138"]

1.Nf3 Nf6 2.g3 c5 3.Bg2 Nc6 4.d4 cxd4 5.Nxd4 g6 6.O-O Bg7 7.c4 O-O 8.Nc3 
Nxd4 9.Qxd4 d6 10.Bg5 h6 11.Bxf6 Bxf6 12.Qd2 Bg7 13.Rfd1 Be6 14.Bxb7 Rb8 
15.Bd5 Bxd5 16.cxd5 Qa5 17.Rac1 Rfc8 18.Rc2 Rc4 19.Qe3 Rb7 20.Rdc1 Rbc7 
21.Qd3 R7c5 22.a3 Qc7 23.Nb5 Rxc2 24.Rxc2 Qb6 25.a4 a6 26.Rxc5 dxc5 27.d6 
exd6 28.Nxd6 Bxb2 29.Qd5 Qc7 30.Qa8+ Kh7 31.Qxa6 Qd7 32.a5 Be5 33.Ne4 Qd1+
34.Kg2 Qd5 35.Qd3 Qa8 36.Qf3 Kg7 37.Ng5 Qa7 38.Qd5 hxg5 39.Qxe5+ f6 40.Qa1
Qa6 41.Qa3 c4 42.Qe7+ Kg8 43.Qd8+ Kg7 44.Qc7+ Kh6 45.Kf1 Qb5 46.f3 f5 47.
Qd8 Kg7 48.Qb6 Qa4 49.a6 c3 50.Qc7+ Kg8 51.Qb8+ Kf7 52.Qc7+ Ke6 53.Qxc3 
Qxa6 54.Qg7 Kd5 55.Qd7+ Ke5 56.Qe7+ Kd5 57.Qxg5 Qa1+ 58.Kf2 Qh1 59.Qh6 Ke5
60.Qg7+ Kd5 61.Qd7+ Ke5 62.Qe7+ Kd5 63.e4+ fxe4 64.Qxe4+ Kc5 65.Qxg6 Qxh2+
66.Ke3 Qg1+ 67.Kf4 Qc1+ 68.Kg4 Qc4+ 69.f4 Qe2+ 1-0

[Event "50th World U20 ch"]
[Site "Chennai IND"]
[Date "2011.08.14"]
[Round "12.53"]
[White "Mastalerz, Xavier"]
[Black "Benitez Lozano, Javier"]
[Result "1/2-1/2"]
[WhiteElo "2129"]
[BlackElo "1994"]
[EventDate "2011.08.02"]
[PlyCount "102"]

1.d4 Nf6 2.Nf3 e6 3.g3 d5 4.Bg2 Be7 5.O-O O-O 6.c4 dxc4 7.Qc2 a6 8.Qxc4 b5
9.Qc2 Bb7 10.Bd2 Be4 11.Qc1 Qc8 12.Bg5 Nbd7 13.Nbd2 Bb7 14.Bxf6 Nxf6 15.
Qc2 c5 16.Rac1 c4 17.e4 Qd8 18.Rfe1 Rc8 19.Ng5 e5 20.dxe5 Ng4 21.Ngf3 Bc5 
22.Re2 Qd3 23.Nf1 Qxc2 24.Rcxc2 Rce8 25.b3 Nxe5 26.Nxe5 Rxe5 27.bxc4 b4 
28.Nd2 Rd8 29.Nb3 f6 30.h3 Be7 31.f4 Re6 32.c5 Bc6 33.e5 fxe5 34.Bxc6 Rxc6
35.fxe5 Kf7 36.Re4 a5 37.e6+ Rxe6 38.Rxe6 Kxe6 39.Nxa5 Rd3 40.Kg2 Bd8 41.
Nc6 Bc7 42.g4 Rg3+ 43.Kf2 Rxh3 44.Re2+ Kd5 45.Nxb4+ Kc4 46.Re4+ Kxc5 47.
Na6+ Kd5 48.Re7 Be5 49.Rc7 Ke4 50.Rc6 Rh2+ 51.Kf1 Bf6 1/2-1/2

[Event "50th World U20 ch"]
[Site "Chennai IND"]
[Date "2011.08.14"]
[Round "12.55"]
[White "Hercules, Benjamin Vincent"]
[Black "Yashas, Devappa"]
[Result "1/2-1/2"]
[WhiteElo "2089"]
[BlackElo "2184"]
[EventDate "2011.08.02"]
[PlyCount "86"]

1.d4 Nf6 2.c4 e6 3.Nc3 Bb4 4.e3 c5 5.Bd3 Nc6 6.Nf3 Bxc3+ 7.bxc3 d6 8.e4 e5
9.d5 Ne7 10.Nh4 h6 11.O-O Ng6 12.Nf5 O-O 13.Qf3 Nh7 14.Qg3 Qf6 15.Rb1 b6 
16.a4 Re8 17.Bd2 Bxf5 18.exf5 Nf4 19.Bxf4 exf4 20.Qxf4 Qxc3 21.Rfd1 Re5 
22.Qd2 Qd4 23.a5 Nf6 24.axb6 axb6 25.Rxb6 Ne4 26.Qe3 Nc3 27.Qxd4 cxd4 28.
Rf1 Na4 29.Rxd6 Nb2 30.f4 Re3 31.Bb1 d3 32.Rb6 Nxc4 33.Rb4 Nd2 34.Rd1 Nxb1
35.Rbxb1 Ra2 36.Re1 Rxe1+ 37.Rxe1 Ra5 38.d6 Rd5 39.Kf2 Rxd6 40.Rd1 h5 41.
h3 h4 42.Ke3 Rf6 43.Ke4 g6 1/2-1/2

[Event "50th World U20 ch"]
[Site "Chennai IND"]
[Date "2011.08.14"]
[Round "12.59"]
[White "Rodriguez Aleman, Eduardo"]
[Black "Barbier, Sigiswald"]
[Result "1/2-1/2"]
[WhiteElo "1997"]
[BlackElo "2088"]
[EventDate "2011.08.02"]
[PlyCount "93"]

1.e4 c5 2.Nf3 g6 3.d4 cxd4 4.Nxd4 Nc6 5.c4 Nf6 6.Nc3 d6 7.Be2 Nxd4 8.Qxd4 
Bg7 9.Be3 O-O 10.Qd2 Be6 11.f3 Qa5 12.Nd5 Qxd2+ 13.Kxd2 Nxd5 14.cxd5 Bd7 
15.Rac1 Rfc8 16.Rxc8+ Rxc8 17.Rc1 Rxc1 18.Kxc1 a6 19.Kc2 Kf8 20.Kb3 Ke8 
21.Bb6 Bf6 22.a4 h5 23.h3 Bg5 24.Bd3 Bf4 25.Bc2 h4 26.Kc4 g5 27.b4 f6 28.
b5 axb5+ 29.axb5 Bg3 30.Bd4 Bf4 31.Bd3 Kf7 32.Bb6 Bc8 33.Kb3 Bd7 34.Bf2 
Ke8 35.Bb6 Kf7 36.Bc7 Bd2 37.Ka4 Be1 38.Ba5 Bf2 39.Bd2 b6 40.Kb3 Kg7 41.
Kc2 Bd4 42.Bc4 Be8 43.Kd3 Bf2 44.Ke2 Bd4 45.Kd3 Bf2 46.Ke2 Bd4 47.Kd3 
1/2-1/2

[Event "50th World U20 ch"]
[Site "Chennai IND"]
[Date "2011.08.14"]
[Round "12.60"]
[White "Herman, Jean"]
[Black "Bukhalaf, Khalil"]
[Result "1-0"]
[WhiteElo "2105"]
[BlackElo "2004"]
[EventDate "2011.08.02"]
[PlyCount "47"]

1.d4 c6 2.c4 d5 3.Nc3 Nf6 4.Nf3 e6 5.Bg5 Nbd7 6.e3 Be7 7.Bd3 O-O 8.O-O 
dxc4 9.Bxc4 Nd5 10.Bxe7 Qxe7 11.e4 Nxc3 12.bxc3 e5 13.Qe2 Kh8 14.a4 b6 15.
Nd2 Bb7 16.f4 exd4 17.cxd4 f5 18.e5 Rad8 19.Nf3 h6 20.Ng5 g6 21.Ne6 Rfe8 
22.Nxd8 Rxd8 23.Rad1 Nf8 24.Qa2 1-0

[Event "50th World U20 ch"]
[Site "Chennai IND"]
[Date "2011.08.14"]
[Round "12.61"]
[White "Bryan-Vissi, Mark"]
[Black "Jaswant, G."]
[Result "0-1"]
[WhiteElo "1815"]
[BlackElo "2036"]
[EventDate "2011.08.02"]
[PlyCount "63"]

1.e4 c6 2.d4 d5 3.e5 Bf5 4.h4 Qb6 5.Ne2 h6 6.Ng3 Bd7 7.c3 e6 8.a3 a5 9.Nd2
c5 10.Qb3 Qa7 11.Nf3 Nc6 12.Be3 a4 13.Qd1 Na5 14.Bd3 Ne7 15.O-O Nec6 16.
Rb1 Nb3 17.Bc2 Nca5 18.Nd2 cxd4 19.Nxb3 axb3 20.Bxd4 bxc2 21.Qxc2 b6 22.f4
Bc5 23.f5 exf5 24.Nxf5 Bxf5 25.Qxf5 O-O 26.Rf4 Nc4 27.Re1 Qe7 28.Rg4 Qe6 
29.Qxe6 fxe6 30.Re2 Rf5 31.a4 Nxe5 32.b3 0-1

[Event "50th World U20 ch"]
[Site "Chennai IND"]
[Date "2011.08.15"]
[Round "13.1"]
[White "Durarbayli, Vasif"]
[Black "Hovhannisian, Robert"]
[Result "1/2-1/2"]
[WhiteElo "2515"]
[BlackElo "2556"]
[EventDate "2011.08.02"]
[PlyCount "120"]

1.e4 e5 2.Nf3 Nc6 3.Bb5 Nf6 4.Qe2 Bc5 5.d3 Nd4 6.Nxd4 Bxd4 7.c3 Bb6 8.Bg5 
h6 9.Bh4 c6 10.Ba4 d6 11.h3 g5 12.Bg3 Nd7 13.h4 Nc5 14.Bc2 Ne6 15.hxg5 
Qxg5 16.Nd2 Nf4 17.Qf1 Bg4 18.Bd1 Bxd1 19.Kxd1 Ng6 20.Nf3 Qf6 21.Rh5 O-O-O
22.Qh1 Kb8 23.Ke2 Ka8 24.Rxh6 Qg7 25.Rh3 f5 26.exf5 Rxh3 27.gxh3 Ne7 28.
Bh4 Qf7 29.Rg1 Rf8 30.Bxe7 Qxe7 31.Qg2 e4 32.Nd2 exd3+ 33.Kxd3 Qf7 34.Qg6 
Qxa2 35.Qe6 Qxe6 36.fxe6 Kb8 37.Rg7 Re8 38.Nc4 Rxe6 39.Nxb6 axb6 40.Rh7 
Rf6 41.Ke2 Re6+ 42.Kf1 d5 43.h4 b5 44.h5 b4 45.cxb4 Ka7 46.b5 Kb6 47.bxc6 
bxc6 48.Rh8 Kc5 49.h6 Kc4 50.h7 Re7 51.f4 d4 52.Kf2 d3 53.Rc8 Rxh7 54.
Rxc6+ Kd4 55.Kf3 Rh3+ 56.Kg4 Rh1 57.Rd6+ Ke4 58.Re6+ Kd4 59.Rd6+ Ke3 60.
Re6+ Kd4 1/2-1/2

[Event "50th World U20 ch"]
[Site "Chennai IND"]
[Date "2011.08.15"]
[Round "13.2"]
[White "Swiercz, Dariusz"]
[Black "Kovalev, Vladislav"]
[Result "1-0"]
[WhiteElo "2553"]
[BlackElo "2439"]
[EventDate "2011.08.02"]
[PlyCount "183"]

1.e4 e5 2.Nf3 Nc6 3.Bb5 a6 4.Ba4 Nf6 5.O-O Be7 6.d3 b5 7.Bb3 d6 8.a4 Bb7 
9.Re1 O-O 10.Nbd2 Na5 11.Ba2 c5 12.Nf1 Re8 13.Ne3 h6 14.Bd2 Nc6 15.h3 Bf8 
16.Nh2 Bc8 17.axb5 Nd4 18.bxa6 Rxa6 19.Nhg4 Nxg4 20.hxg4 Qb6 21.Bc4 Rxa1 
22.Qxa1 Be6 23.Bc3 Be7 24.Qa4 Rb8 25.Qa2 Kh8 26.Bxe6 fxe6 27.Nc4 Qb7 28.b3
Ra8 29.Qb1 Qc7 30.Qd1 Ra2 31.Bxd4 cxd4 32.Qb1 Ra8 33.b4 Bf6 34.b5 d5 35.b6
Qb8 36.exd5 exd5 37.b7 Ra7 38.Nd6 Be7 39.Nf7+ Kh7 40.Nxe5 Rxb7 41.Qd1 Bf6 
42.Qf3 Re7 43.Qf5+ Kg8 44.Nf3 Rxe1+ 45.Nxe1 Qb7 46.g3 Kh8 47.Kg2 Qc6 48.
Qh5 Kh7 49.Qf5+ Kh8 50.Qf3 Qe6 51.Kf1 Qc6 52.Qe2 Qb7 53.Nf3 Qc8 54.Ng1 g5 
55.Kg2 Kg7 56.Qd1 Qd7 57.Qb1 Kg6 58.Qb3 Qc6 59.Nf3 Kg7 60.Qa2 Kg6 61.Kg1 
Qe6 62.Qa8 Kg7 63.Kg2 Qd7 64.Qa5 Qxg4 65.Qxd5 h5 66.Qb7+ Kg6 67.Qe4+ Qf5 
68.Nd2 g4 69.Nc4 Bg7 70.Nd6 Qxe4+ 71.dxe4 Bf8 72.Nc4 Kg5 73.Ne5 Bg7 74.Nd3
Bh8 75.Kf1 h4 76.gxh4+ Kxh4 77.Kg2 Kg5 78.Kg3 Bg7 79.f4+ gxf3 80.Kxf3 Bh8 
81.Ke2 Kf6 82.Nb4 Ke6 83.Kd3 Kd6 84.Na2 Bg7 85.Nc1 Bh6 86.Nb3 Bf4 87.Nxd4 
Bh2 88.Nf3 Bg3 89.Kc4 Bf2 90.e5+ Ke6 91.Kd3 Ba7 92.Ke4 1-0

[Event "50th World U20 ch"]
[Site "Chennai IND"]
[Date "2011.08.15"]
[Round "13.3"]
[White "Grover, Sahaj"]
[Black "Ter-Sahakyan, Samvel"]
[Result "1-0"]
[WhiteElo "2496"]
[BlackElo "2558"]
[EventDate "2011.08.02"]
[PlyCount "131"]

1.d4 d5 2.c4 c6 3.Nf3 Nf6 4.Nc3 e6 5.Bg5 Be7 6.e3 O-O 7.Qc2 Nbd7 8.cxd5 
exd5 9.Bd3 Re8 10.O-O Nf8 11.h3 Ng6 12.Bxf6 Bxf6 13.b4 a6 14.Na4 Be7 15.
Nc5 Bd6 16.Bf5 Bxf5 17.Qxf5 Qe7 18.Rfc1 Nf8 19.a4 Ne6 20.Rab1 a5 21.b5 b6 
22.Nxe6 fxe6 23.Qg4 c5 24.dxc5 Bxc5 25.Ne5 Qd6 26.Nd3 Rac8 27.Rb3 e5 28.e4
Bxf2+ 29.Kxf2 Rxc1 30.Nxc1 Qc5+ 31.Kg3 Qxc1 32.exd5 e4 33.Kh2 Qc7+ 34.Qg3 
Qxg3+ 35.Kxg3 e3 36.Rb1 Re5 37.Kf4 Rxd5 38.Kxe3 Re5+ 39.Kd4 Re2 40.g4 Rd2+
41.Ke4 Kf7 42.Rc1 Ke6 43.Rc6+ Rd6 44.Rc7 Rd1 45.Rxg7 Ra1 46.Rxh7 Rxa4+ 47.
Kf3 Kf6 48.Rh6+ Kg5 49.Rxb6 Rb4 50.Rb8 a4 51.b6 Rb3+ 52.Ke4 a3 53.Ra8 Rb4+
54.Kd5 Rxb6 55.Rxa3 Kh4 56.Re3 Rb8 57.Kd6 Rf8 58.Ke7 Rg8 59.Kf7 Rg5 60.Rf3
Ra5 61.Rd3 Ra7+ 62.Ke6 Ra6+ 63.Rd6 Ra3 64.Kf5 Kxh3 65.g5 Kh4 66.Kg6 1-0

[Event "50th World U20 ch"]
[Site "Chennai IND"]
[Date "2011.08.15"]
[Round "13.5"]
[White "Krejci, Jan jr"]
[Black "Salgado Lopez, Ivan"]
[Result "0-1"]
[WhiteElo "2503"]
[BlackElo "2626"]
[EventDate "2011.08.02"]
[PlyCount "106"]

1.e4 e5 2.Nf3 Nc6 3.Bb5 Nf6 4.O-O Nxe4 5.Re1 Nd6 6.Nxe5 Be7 7.Bf1 Nf5 8.
Nf3 O-O 9.d4 d5 10.Bf4 Bf6 11.c3 Nce7 12.h3 Ng6 13.Bh2 c6 14.Nbd2 Nfh4 15.
Ne5 Nxe5 16.dxe5 Be7 17.Nb3 c5 18.g3 Nf5 19.Bg2 Be6 20.Qc2 Qb6 21.Rad1 
Rfd8 22.Re2 d4 23.Be4 g6 24.c4 Qa6 25.Bd3 h5 26.Ree1 Ng7 27.Kg2 Qc6+ 28.f3
Nf5 29.Bg1 Kg7 30.Nd2 Rd7 31.Nf1 Rad8 32.Be4 Qc7 33.f4 Qc8 34.Kh2 Rc7 35.
b3 a6 36.a4 b6 37.Qg2 Qd7 38.Bf2 Nh6 39.Nd2 Rh8 40.Bd3 Rcc8 41.Ne4 Rb8 42.
Rc1 Rhc8 43.Re2 b5 44.axb5 axb5 45.Rec2 bxc4 46.Bxc4 Nf5 47.Bxe6 Qxe6 48.
Nxc5 Bxc5 49.Rxc5 Rxc5 50.Rxc5 Qxb3 51.Qc6 Rb6 52.Qc7 Qf3 53.Rc2 Rb1 0-1

[Event "50th World U20 ch"]
[Site "Chennai IND"]
[Date "2011.08.15"]
[Round "13.6"]
[White "Shimanov, Alexander"]
[Black "Sethuraman, Panayapan"]
[Result "0-1"]
[WhiteElo "2586"]
[BlackElo "2529"]
[EventDate "2011.08.02"]
[PlyCount "120"]

1.d4 d5 2.c4 e6 3.Nf3 Nf6 4.g3 dxc4 5.Bg2 a6 6.Ne5 Bb4+ 7.Nc3 Nd5 8.O-O 
Nxc3 9.bxc3 Bxc3 10.Rb1 Qxd4 11.Qxd4 Bxd4 12.Nxc4 Nd7 13.Ba3 Nb6 14.Na5 
Nd5 15.e3 Bb6 16.Nc4 Ba7 17.Rfc1 b5 18.e4 Nf6 19.Ne3 Bxe3 20.fxe3 Ra7 21.
Rb2 Bd7 22.Rd2 c6 23.Rcd1 Ng4 24.Bc5 Rb7 25.Bd4 f6 26.e5 fxe5 27.Bc5 Nf6 
28.Bxc6 Rc7 29.Bxd7+ Rxd7 30.Rxd7 Nxd7 31.Bb4 Nf6 32.Rd6 Kf7 33.Rxa6 Nd5 
34.Bd2 e4 35.Kf2 Kf6 36.Ke2 h5 37.h3 Rc8 38.Ra5 b4 39.Ke1 Rb8 40.Ra4 g5 
41.Kd1 Ke5 42.Ra7 Rf8 43.Rg7 Kf6 44.Ra7 Kg6 45.Ra6 Rf1+ 46.Ke2 Rh1 47.
Rxe6+ Kf5 48.Rd6 Nc3+ 49.Bxc3 bxc3 50.Rd5+ Kf6 51.Rd6+ Ke5 52.Rc6 Rh2+ 53.
Ke1 Rxh3 54.Rc5+ Kf6 55.Kf2 Rh2+ 56.Kg1 Rxa2 57.Rxc3 Kf5 58.Rc5+ Kg4 59.
Re5 Re2 60.Rxe4+ Kxg3 0-1

[Event "50th World U20 ch"]
[Site "Chennai IND"]
[Date "2011.08.15"]
[Round "13.9"]
[White "Stany, George Anthony"]
[Black "Matlakov, Maxim"]
[Result "0-1"]
[WhiteElo "2435"]
[BlackElo "2632"]
[EventDate "2011.08.02"]
[PlyCount "122"]

1.e4 c5 2.Nf3 e6 3.b3 b6 4.Bb2 Bb7 5.Nc3 Nc6 6.g3 Nf6 7.Bg2 Be7 8.O-O d6 
9.d4 cxd4 10.Nxd4 Rc8 11.Re1 O-O 12.Nxc6 Bxc6 13.Qe2 Qc7 14.Rad1 Nd7 15.
Nb5 Bxb5 16.Qxb5 Bf6 17.Bxf6 Nxf6 18.Re2 Rfd8 19.Red2 e5 20.Qb4 a5 21.Qb5 
Kf8 22.a4 Ke7 23.Qe2 Qc3 24.Bh3 Rc7 25.Bg2 Qb4 26.f3 Rc3 27.Bh3 Qc5+ 28.
Kg2 h5 29.Qf2 g6 30.Kh1 Qxf2 31.Rxf2 d5 32.exd5 Rxd5 33.Re1 Rdc5 34.Bf1 
Rxc2 35.Rxc2 Rxc2 36.Rxe5+ Kd6 37.Re1 Nd7 38.f4 Nc5 39.Bc4 Rxc4 40.bxc4 
Nxa4 41.Re8 Nb2 42.Rc8 Kd7 43.Rf8 Nxc4 44.Rxf7+ Kc6 45.Rf6+ Kc5 46.f5 gxf5
47.Rxf5+ Kb4 48.h4 a4 49.g4 a3 50.Rf1 a2 51.gxh5 b5 52.h6 Ne5 53.h7 Ng6 
54.h5 Nh8 55.Kh2 Kc4 56.Rc1+ Kb3 57.Kg3 b4 58.Kg4 Kb2 59.Rf1 b3 60.Kg5 Kc2
61.Ra1 Kd3 0-1

[Event "50th World U20 ch"]
[Site "Chennai IND"]
[Date "2011.08.15"]
[Round "13.11"]
[White "Lalith Babu, Musunuri Rohit"]
[Black "Rasulov, Vugar"]
[Result "1-0"]
[WhiteElo "2495"]
[BlackElo "2522"]
[EventDate "2011.08.02"]
[PlyCount "137"]

1.Nf3 c5 2.c4 Nc6 3.d4 cxd4 4.Nxd4 Nf6 5.g3 Qb6 6.Nc2 e6 7.Bg2 d5 8.cxd5 
Nxd5 9.O-O Be7 10.Bxd5 exd5 11.Nc3 d4 12.Nd5 Qd8 13.Nxe7 Qxe7 14.Nxd4 Bh3 
15.Nxc6 Qe4 16.f3 Qxc6 17.Qd4 O-O 18.Rd1 Rfe8 19.Be3 h6 20.Kf2 Qe6 21.a4 
b6 22.Rac1 Re7 23.Rd2 Rae8 24.Bf4 g5 25.Bd6 Rd7 26.e4 g4 27.Rc7 Rxc7 28.
Bxc7 gxf3 29.Kxf3 Bg4+ 30.Kf2 Qxe4 31.Qxe4 Rxe4 32.a5 b5 33.Bf4 Ra4 34.
Rd8+ Kh7 35.Bd2 Ra2 36.b4 Ra3 37.Rd6 h5 38.Rd5 Rf3+ 39.Kg2 Rf5 40.Rxf5 
Bxf5 41.Kf3 Kg7 42.Be3 a6 43.Bg5 f6 44.Bf4 Kf7 45.Ke3 Ke6 46.Kd4 Kd7 47.
Kc5 Bd3 48.Kb6 f5 49.Kxa6 Kc8 50.Kb6 Be2 51.a6 Bd3 52.Kc6 Be2 53.Kd5 Bc4+ 
54.Kd4 Be2 55.Kd5 Kd7 56.a7 Bd3 57.Ke5 Be4 58.Kf6 Kc8 59.Kg5 Bf3 60.Kxf5 
Kb7 61.Be3 Bg4+ 62.Kg5 Ka8 63.Kh4 Kb7 64.h3 Bf3 65.g4 hxg4 66.hxg4 Kc7 67.
Kg5 Kd6 68.Kf6 Kd7 69.g5 1-0

[Event "50th World U20 ch"]
[Site "Chennai IND"]
[Date "2011.08.15"]
[Round "13.12"]
[White "Barbosa, Evandro Amorim"]
[Black "Roganovic, Milos"]
[Result "1/2-1/2"]
[WhiteElo "2343"]
[BlackElo "2476"]
[EventDate "2011.08.02"]
[PlyCount "49"]

1.e4 c5 2.Nf3 d6 3.d4 cxd4 4.Nxd4 Nf6 5.Nc3 g6 6.Be3 Bg7 7.f3 Nc6 8.Qd2 
O-O 9.Bc4 Bd7 10.O-O-O Rb8 11.Bb3 Na5 12.Bh6 Bxh6 13.Qxh6 e5 14.Nde2 b5 
15.Rxd6 b4 16.Na4 Nb7 17.Rd2 Qe8 18.Ng3 Bxa4 19.Nf5 gxf5 20.Qg5+ Kh8 21.
Qxf6+ Kg8 22.Qg5+ Kh8 23.Qf6+ Kg8 24.Qg5+ Kh8 25.Qf6+ 1/2-1/2

[Event "50th World U20 ch"]
[Site "Chennai IND"]
[Date "2011.08.15"]
[Round "13.13"]
[White "Krysa, Leandro"]
[Black "Martinovic, Sasa"]
[Result "0-1"]
[WhiteElo "2374"]
[BlackElo "2521"]
[EventDate "2011.08.02"]
[PlyCount "74"]

1.d4 Nf6 2.c4 g6 3.Nf3 Bg7 4.g3 d5 5.cxd5 Nxd5 6.Bg2 Nb6 7.Nc3 Nc6 8.e3 
O-O 9.O-O Re8 10.d5 Na5 11.Nd4 Bd7 12.e4 c6 13.Re1 cxd5 14.exd5 Qc8 15.Bf4
Bg4 16.Nf3 Nac4 17.Nb5 Rd8 18.Nc7 e5 19.Nxa8 Qxa8 20.b3 exf4 21.bxc4 Bxa1 
22.Qxa1 Bxf3 23.Bxf3 fxg3 24.hxg3 Nxc4 25.Qf6 Nd6 26.Re7 Qc8 27.Kg2 a6 28.
Re3 Rd7 29.Bg4 Qd8 30.Qf4 Rc7 31.Bf3 Kg7 32.Qb4 Qf6 33.a4 Rc4 34.Qb3 Qd4 
35.Qa3 Rc2 36.Kh3 Rxf2 37.Qc3 Qxc3 0-1

[Event "50th World U20 ch"]
[Site "Chennai IND"]
[Date "2011.08.15"]
[Round "13.14"]
[White "Shyam Nikil, P."]
[Black "Huschenbeth, Niclas"]
[Result "1/2-1/2"]
[WhiteElo "2398"]
[BlackElo "2521"]
[EventDate "2011.08.02"]
[PlyCount "144"]

1.e4 e5 2.Nf3 Nc6 3.Bb5 Nge7 4.c3 g6 5.d4 exd4 6.cxd4 a6 7.Ba4 b5 8.Bb3 
Bg7 9.Nc3 O-O 10.O-O Na5 11.Bc2 d6 12.h3 c5 13.Bf4 cxd4 14.Nxd4 Bb7 15.b3 
Rc8 16.Nce2 d5 17.e5 Nac6 18.Nf3 Nb4 19.Bb1 Qc7 20.e6 Qb6 21.exf7+ Rxf7 
22.Be5 Nbc6 23.Bxg7 Kxg7 24.Ned4 Nxd4 25.Qxd4+ Qxd4 26.Nxd4 Nc6 27.Nf3 Re7
28.Rd1 Re2 29.a3 Na5 30.Nd4 Rb2 31.Ra2 Rxa2 32.Bxa2 Kf6 33.Kf1 Nc6 34.Ne2 
b4 35.axb4 Nxb4 36.Bb1 a5 37.Ke1 Ba6 38.Nd4 Ke5 39.Nf3+ Kd6 40.Kd2 Nc6 41.
Bc2 Rf8 42.Re1 Kc5 43.Rc1 Kd6 44.Re1 Bc8 45.Bd1 Bf5 46.Ng1 g5 47.Ne2 Bg6 
48.Rf1 d4 49.Nc1 Nb4 50.Be2 Rc8 51.Bc4 a4 52.Ne2 Ke5 53.Ra1 axb3 54.Ra5+ 
Kf6 55.Bxb3 d3 56.Nc3 Nc2 57.Ra6+ Kg7 58.Ra7+ Kf8 59.Bd5 Nb4 60.Ra8 Rxa8 
61.Bxa8 Kg7 62.Be4 Bxe4 63.Nxe4 h6 64.Nc5 Kf6 65.Kc3 Nd5+ 66.Kd2 Nf4 67.g3
Nxh3 68.Nxd3 g4 69.Ke3 h5 70.f3 gxf3 71.Kxf3 Ng5+ 72.Kg2 Ne6 1/2-1/2

[Event "50th World U20 ch"]
[Site "Chennai IND"]
[Date "2011.08.15"]
[Round "13.15"]
[White "Pap, Gyula"]
[Black "Gahan, M. G."]
[Result "1-0"]
[WhiteElo "2513"]
[BlackElo "2188"]
[EventDate "2011.08.02"]
[PlyCount "75"]

1.g3 g6 2.Bg2 Bg7 3.c4 c5 4.Nc3 Nc6 5.a3 e6 6.b4 cxb4 7.axb4 Nxb4 8.Ba3 
Bf8 9.d4 a6 10.Nf3 Qc7 11.O-O Nc6 12.d5 Ne5 13.Nxe5 Qxe5 14.Bb2 f6 15.Qb3 
Qc7 16.Ne4 Kf7 17.c5 exd5 18.Qxd5+ Kg7 19.Nd6 Bxd6 20.cxd6 Qc2 21.Qd4 Qf5 
22.Bd5 Qe5 23.Qxe5 fxe5 24.f4 Nf6 25.fxe5 Nxd5 26.e6+ Kh6 27.Bxh8 dxe6 28.
Rf8 Nb6 29.Bd4 Bd7 30.Rf7 Be8 31.Be3+ g5 32.Rf6+ Kg7 33.Rxe6 Nd5 34.Bd4+ 
Kf7 35.Re5 Bc6 36.Rf1+ Kg6 37.Re6+ Kh5 38.h3 1-0

[Event "50th World U20 ch"]
[Site "Chennai IND"]
[Date "2011.08.15"]
[Round "13.19"]
[White "Anwesh, Upadhyaya"]
[Black "Ikeda, Junta"]
[Result "1-0"]
[WhiteElo "2429"]
[BlackElo "2349"]
[EventDate "2011.08.02"]
[PlyCount "123"]

1.c4 Nf6 2.g3 e6 3.Bg2 d5 4.Nf3 Be7 5.O-O O-O 6.d4 c6 7.Qc2 b6 8.Nbd2 Bb7 
9.e4 c5 10.exd5 exd5 11.dxc5 Bxc5 12.b3 dxc4 13.Nxc4 Be4 14.Qc3 Nd5 15.Qe5
Re8 16.Qh5 Nf6 17.Qh4 Nbd7 18.Bb2 Bd3 19.Rfd1 Be2 20.Rd2 Bxc4 21.Qxc4 Rc8 
22.Qa4 Qc7 23.Rad1 Rcd8 24.b4 Be7 25.Nd4 Nb8 26.Nb5 Qc4 27.Rxd8 Rxd8 28.
Rxd8+ Bxd8 29.Nxa7 Qe6 30.Qd1 Be7 31.a3 h5 32.Nb5 Nbd7 33.Nd4 Qe5 34.Qc1 
Bf8 35.Nc6 Qf5 36.Nd4 Qd3 37.Qc2 Ne5 38.Qxd3 Nxd3 39.Bc3 Ng4 40.f4 h4 41.
Be4 Ngf2 42.Bxd3 Nxd3 43.Kf1 hxg3 44.hxg3 g5 45.Ke2 Nc1+ 46.Kd2 Na2 47.
fxg5 Kh7 48.Nf3 Kg6 49.g4 Be7 50.Kc2 Nxc3 51.Kxc3 b5 52.Kd4 Bf8 53.Kd5 Bg7
54.Kc6 Bb2 55.Kxb5 Bxa3 56.Ka4 Bc1 57.b5 Kg7 58.b6 Kf8 59.Kb5 Ke7 60.Kc6 
Bf4 61.b7 Bb8 62.Kd5 1-0

[Event "50th World U20 ch"]
[Site "Chennai IND"]
[Date "2011.08.15"]
[Round "13.20"]
[White "Kunal, M."]
[Black "Ramnath Bhuvanesh"]
[Result "1/2-1/2"]
[WhiteElo "2298"]
[BlackElo "2422"]
[EventDate "2011.08.02"]
[PlyCount "55"]

1.e4 c5 2.Nf3 Nc6 3.d4 cxd4 4.Nxd4 e5 5.Nb5 d6 6.N1c3 a6 7.Na3 Be6 8.Nc4 
Rb8 9.g3 h5 10.Ne3 Nf6 11.Bg2 h4 12.O-O Ne7 13.Ncd5 Nexd5 14.Nxd5 Qc8 15.
Nxf6+ gxf6 16.Re1 Be7 17.Be3 Bh3 18.Bxh3 Qxh3 19.Qf3 hxg3 20.hxg3 Rc8 21.
Rac1 Rc4 22.b3 Rc3 23.Qg2 Qc8 24.Qf3 Qh3 25.Qg2 Qc8 26.Qf3 Qh3 27.Qg2 Qc8 
28.Qf3 1/2-1/2

[Event "50th World U20 ch"]
[Site "Chennai IND"]
[Date "2011.08.15"]
[Round "13.23"]
[White "Debashis, Das"]
[Black "Artemenko, Oleg"]
[Result "1/2-1/2"]
[WhiteElo "2396"]
[BlackElo "2341"]
[EventDate "2011.08.02"]
[PlyCount "52"]

1.d4 d5 2.Nf3 Nf6 3.c4 dxc4 4.e3 e6 5.Bxc4 a6 6.O-O b5 7.Bd3 c5 8.a4 b4 9.
e4 cxd4 10.e5 Nfd7 11.Bg5 Qc7 12.Nbd2 Nc5 13.Nc4 Nc6 14.Re1 h6 15.Bh4 Bb7 
16.Bf1 Na5 17.Rc1 Nxc4 18.Rxc4 Bd5 19.Rxd4 Be7 20.Rg4 g5 21.Bg3 h5 22.Rxg5
O-O-O 23.Rg7 Bf8 24.Rg5 Be7 25.Rg7 Bf8 26.Rg5 Be7 1/2-1/2

[Event "50th World U20 ch"]
[Site "Chennai IND"]
[Date "2011.08.15"]
[Round "13.24"]
[White "Priyadharshan, Kannappan"]
[Black "Abhishek, Kelkar"]
[Result "1-0"]
[WhiteElo "2376"]
[BlackElo "2197"]
[EventDate "2011.08.02"]
[PlyCount "78"]

1.e4 c6 2.d4 d5 3.f3 g6 4.Nc3 Bg7 5.Be3 e6 6.Qd2 h5 7.O-O-O Ne7 8.h4 Nd7 
9.Bg5 b6 10.Kb1 Bb7 11.Re1 a6 12.Nh3 Nf8 13.exd5 cxd5 14.Na4 Bc6 15.Nc3 b5
16.Ne2 Qb6 17.g4 b4 18.Qf4 Qb8 19.Qe3 Qa7 20.Nf2 Bb5 21.Bxe7 Qxe7 22.Nf4 
Bc6 23.gxh5 Qf6 24.hxg6 Qxd4 25.Qxd4 Bxd4 26.N2d3 Kd7 27.gxf7 Kd6 28.Bh3 
Bd7 29.Bg4 Rh7 30.Nxb4 Rxf7 31.Ne2 Bg7 32.c3 Rb8 33.Nxa6 Rb6 34.Nb4 e5 35.
Rd1 Bc6 36.Ng3 d4 37.Nxc6 Kxc6 38.cxd4 exd4 39.Nf5 Kd5 1-0